| 000 | 00402pab a2200157 454500 | ||
|---|---|---|---|
| 008 | 180718b2003 xxu||||| |||| 00| 0 eng d | ||
| 100 | _aLenz, Ilse | ||
| 245 | _aGlobalization, gender, and work: perspectives on global regulation | ||
| 260 | _c2003 | ||
| 300 | _ap.21-43. | ||
| 362 | _aSpring | ||
| 650 | _aGlobalization | ||
| 650 | _aWomen | ||
| 773 | _aReview of Policy Research | ||
| 909 | _a56805 | ||
| 999 |
_c56805 _d56805 |
||